000 00235nam a2200097Ia 4500
008 120527s9999 xx 000 0 und d
100 _aJOHNSON,Jerry.
245 _aDiscovering calculus with derive.
260 _bJohn Wiley
942 _cBK
999 _c23911
_d23911